Welcome to CU Library Online Public Access Catalogue (OPAC)

Water supply systems security / (Record no. 8363)

MARC details
000 -LEADER
fixed length control field 00886cam a22002414a 4500
001 - CONTROL NUMBER
control field 13429101
005 - DATE AND TIME OF LATEST TRANSACTION
control field 20251122180743.0
008 - FIXED-LENGTH DATA ELEMENTS--GENERAL INFORMATION
fixed length control field 031208s2004 nyuab b 001 0 eng
020 ## - INTERNATIONAL STANDARD BOOK NUMBER
International Standard Book Number 0071425314
Qualifying information alk. paper
020 ## - INTERNATIONAL STANDARD BOOK NUMBER
International Standard Book Number 9780071425315
Qualifying information (alk. paper)
050 00 - LIBRARY OF CONGRESS CALL NUMBER
Classification number TD485
Item number .W377 2004
082 00 - DEWEY DECIMAL CLASSIFICATION NUMBER
Classification number 363.6/1/0289
Edition information 22
245 00 - TITLE STATEMENT
Title Water supply systems security /
Statement of responsibility, etc. Larry W. Mays, editor-in-chief.
260 ## - PUBLICATION, DISTRIBUTION, ETC.
Place of publication, distribution, etc. New York :
Name of publisher, distributor, etc. McGraw-Hill,
Date of publication, distribution, etc. c2004.
300 ## - PHYSICAL DESCRIPTION
Extent 1 v. (various pagings) :
Other physical details ill., maps ;
Dimensions 24 cm.
650 #0 - SUBJECT ADDED ENTRY--TOPICAL TERM
Topical term or geographic name entry element Waterworks
General subdivision Security measures.
650 #0 - SUBJECT ADDED ENTRY--TOPICAL TERM
Topical term or geographic name entry element Water-supply
General subdivision Security measures.
650 #0 - SUBJECT ADDED ENTRY--TOPICAL TERM
Topical term or geographic name entry element Terrorism
General subdivision Prevention.
700 1# - ADDED ENTRY--PERSONAL NAME
Personal name Mays, Larry W.
856 42 - ELECTRONIC LOCATION AND ACCESS
Materials specified Contributor biographical information
Uniform Resource Identifier <a href="http://www.loc.gov/catdir/bios/mh042/2004049065.html">http://www.loc.gov/catdir/bios/mh042/2004049065.html</a>
856 41 - ELECTRONIC LOCATION AND ACCESS
Materials specified Table of contents
Uniform Resource Identifier <a href="http://www.loc.gov/catdir/toc/mh041/2004049065.html">http://www.loc.gov/catdir/toc/mh041/2004049065.html</a>
942 ## - ADDED ENTRY ELEMENTS (KOHA)
Source of classification or shelving scheme Library of Congress Classification
Koha item type Books
Suppress in OPAC No
999 ## -
-- 8363
-- 8363
Holdings
Withdrawn status Lost status Source of classification or shelving scheme Damaged status Not for loan Collection Home library Current library Shelving location Date acquired Total checkouts Full call number Barcode Date last seen Copy number Price effective from Koha item type
    Library of Congress Classification     Non-fiction Science Library (Miotso) Science Library (Miotso) General stacks 11/22/2025   TD485 .W377 WAT SLM00006102 11/22/2025 1 11/22/2025 Books
    Library of Congress Classification     Non-fiction Science Library (Miotso) Science Library (Miotso) General stacks 11/22/2025   TD485 .W377 WAT SLM00006103 11/22/2025 2 11/22/2025 Books
    Library of Congress Classification     Non-fiction Science Library (Miotso) Science Library (Miotso) General stacks 11/22/2025   TD485 .W377 WAT SLM00006104 11/22/2025 3 11/22/2025 Books
    Library of Congress Classification     Non-fiction Science Library (Miotso) Science Library (Miotso) General stacks 11/22/2025   TD485 .W377 WAT SLM00006105 11/22/2025 4 11/22/2025 Books
    Library of Congress Classification     Non-fiction Science Library (Miotso) Science Library (Miotso) General stacks 11/22/2025   TD485 .W377 WAT SLM00006106 11/22/2025 5 11/22/2025 Books
© 2023-2024 Copyright: Central University Libraries. All Rights Reserved | Created by: Mahone Tech Office